Hitler a Habsburkové : proč chtěl nacistický vůdce zničit rakouskou královskou rodinu /

Main Author: Longo, James McMurtry
Other Authors: Veselá, Anna
Language: Czech
Published: V Praze : Slovart, 2020
Subjects:
Physical Description: 303 stran : ilustrace, portréty ; 24 cm
Book
Saved in:
LEADER 02254nam a2200601 i 4500
001 nkc20203214127
003 CZ PrNK
005 20200526120122.0
007 ta
008 200402s2020 xr ac e 001 0dcze
015 |a cnb003214127 
020 |a 978-80-7529-847-8  |q (vázáno) 
035 |a (OCoLC)1200247110 
040 |a OLA001  |b cze  |e rda 
041 1 |a cze  |h eng 
043 |a e-au--- 
045 |a x3x4 
072 7 |a 323  |x Vnitropolitický vývoj, politický život  |2 Konspekt  |9 15 
080 |a 32:316.644  |2 MRF 
080 |a 929.731  |2 MRF 
080 |a 323.28  |2 MRF 
080 |a 329.17  |2 MRF 
080 |a (4)  |2 MRF 
080 |a (436)  |2 MRF 
080 |a (048.8)  |2 MRF 
100 1 |a Longo, James McMurtry  |7 ola20201071540  |4 aut 
245 1 0 |a Hitler a Habsburkové :  |b proč chtěl nacistický vůdce zničit rakouskou královskou rodinu /  |c James M. Longo ; z angličtiny přeložila Anna Veselá 
264 1 |a V Praze :  |b Slovart,  |c 2020 
300 |a 303 stran :  |b ilustrace, portréty ;  |c 24 cm 
336 |a text  |b txt  |2 rdacontent 
337 |a bez média  |b n  |2 rdamedia 
338 |a svazek  |b nc  |2 rdacarrier 
504 |a Obsahuje bibliografii, bibliografické odkazy a rejstřík 
600 3 7 |a Habsburkové (rod)  |7 jx20060330026  |2 czenas 
600 1 7 |a Hitler, Adolf,  |d 1889-1945  |7 jn19990003541  |2 czenas 
648 7 |a 1938-1945  |7 ch525257  |2 czenas 
650 0 7 |a politické názory a postoje  |7 ph137956  |2 czenas 
650 0 7 |a panovnické dynastie  |7 ph123932  |z Evropa  |2 czenas 
650 0 7 |a politická perzekuce  |7 ph124236  |z Rakousko  |y 1938-1945  |2 czenas 
650 0 7 |a nacismus  |7 ph115411  |z Rakousko  |2 czenas 
650 0 9 |a political views and attitudes  |2 eczenas 
650 0 9 |a royal houses  |z Europe  |2 eczenas 
650 0 9 |a political persecution  |z Austria  |y 1938-1945  |2 eczenas 
650 0 9 |a Nazism  |z Austria  |2 eczenas 
655 7 |a monografie  |7 fd132842  |2 czenas 
655 9 |a monographs  |2 eczenas 
700 1 |a Veselá, Anna  |4 trl 
910 2 |a BOA001  |b 2-1446.073 
990 |a BK 
995 |a 01 
991 |b 202005  |c NOV 
996 6 |b 2610819849  |c 2-1446.073  |l MZK  |r Sklad / do 1 hodiny  |n 0  |p p.v.  |w 001796099  |u 000010  |a 1  |e BOA001  |j MZK50  |s P 
996 7 |b 2610823461  |c 2-1446.073  |l MZK  |r Sklad / do 1 hodiny  |n 6  |p kup  |w 001796099  |u 000020  |a 1  |e BOA001  |j MZK50  |s A